Welcome to the Holygrace Academy Library

Please use search bar below to get started

EXPLORING LIFE (Record no. 1394)

MARC details
000 -LEADER
fixed length control field 00337nam a22001337a 4500
020 ## - INTERNATIONAL STANDARD BOOK NUMBER
ISBN 0-697-14537-9
082 ## - DEWEY DECIMAL CLASSIFICATION NUMBER
Classification number 574
Item number BLA/E
100 ## - MAIN ENTRY--AUTHOR NAME
Personal name BLAMIRE, JOHN
245 ## - TITLE STATEMENT
Title EXPLORING LIFE
Remainder of title THE PRINCIPLES OF BIOLOGY
260 ## - PUBLICATION, DISTRIBUTION, ETC. (IMPRINT)
Place of publication UNITED STATES
Name of publisher BROWN COMMUNICATIONS
Year of publication 1994
300 ## - PHYSICAL DESCRIPTION
Number of Pages 507
650 ## - SUBJECT ADDED ENTRY--TOPICAL TERM
Topical Term BIOLOGY REFERENCE
Geographic subdivision INDIA
942 ## - ADDED ENTRY ELEMENTS (KOHA)
Koha item type Books
Holdings
Withdrawn status Lost status Collection code Home library Current library Shelving location Date acquired Source of acquisition Full call number Accession Number Koha item type
    Reference Main Library Main Library SHELF-5 D REFERENCEBIOLOGY 10/10/2006 purchase 574 BLA/E 03306 Books